[Event "SpeedChess Final 2024"]
[Site "Paris FRA"]
[Date "2024.09.06"]
[Round "1.21"]
[White "Carlsen, Magnus"]
[Black "Niemann, Hans Moke"]
[Result "1-0"]
[WhiteTitle "GM"]
[BlackTitle "GM"]
[WhiteElo "2832"]
[BlackElo "2733"]
[WhiteFideId "1503014"]
[BlackFideId "2093596"]
[EventDate "2024.09.06"]
[EventType "k.o."]

1. d4 c6 2. Bf4 Nf6 3. e3 d5 4. Nf3 Bg4 5. h3 Bxf3 6. Qxf3 e6 7. Bd3 Bd6 8. O-O
O-O 9. Nd2 Bxf4 10. exf4 Nbd7 11. Qe3 Qb6 12. Nf3 c5 13. dxc5 Nxc5 14. Rab1 Rac8
15. c3 Nxd3 16. Qxd3 Ne4 17. Nd4 f6 18. f5 exf5 19. Nxf5 Qe6 20. Ne3 Rfd8 21.
Rbd1 Rd7 22. Nxd5 Nc5 23. Qf3 Rcd8 24. c4 Qe4 25. Qc3 Na4 26. Qg3 Qg6 27. Ne7+ 1-0

[Event "SpeedChess Final 2024"]
[Site "Paris FRA"]
[Date "2024.09.06"]
[Round "1.22"]
[White "Niemann, Hans Moke"]
[Black "Carlsen, Magnus"]
[Result "0-1"]
[WhiteTitle "GM"]
[BlackTitle "GM"]
[WhiteElo "2733"]
[BlackElo "2832"]
[WhiteFideId "2093596"]
[BlackFideId "1503014"]
[EventDate "2024.09.06"]
[EventType "k.o."]

1. e4 c5 2. Nf3 d6 3. Bb5+ Nd7 4. O-O a6 5. Bd3 Ngf6 6. Re1 g6 7. Bf1 Bg7 8. c3
b5 9. d4 cxd4 10. cxd4 Bb7 11. Nbd2 O-O 12. b3 Rc8 13. Bb2 Rc7 14. a4 bxa4 15.
Rxa4 Qa8 16. Bd3 e5 17. Qa1 exd4 18. Bxd4 Nc5 19. Bxf6 Bxf6 20. Qxf6 Nxd3 21.
Re3 Rc1+ 22. Nf1 Nc5 23. Ng5 Qd8 24. Qxd8 Rxd8 25. Rd4 a5 26. b4 axb4 27. Rxb4
Ba6 0-1

[Event "SpeedChess Final 2024"]
[Site "Paris FRA"]
[Date "2024.09.06"]
[Round "1.23"]
[White "Carlsen, Magnus"]
[Black "Niemann, Hans Moke"]
[Result "1-0"]
[WhiteTitle "GM"]
[BlackTitle "GM"]
[WhiteElo "2832"]
[BlackElo "2733"]
[WhiteFideId "1503014"]
[BlackFideId "2093596"]
[EventDate "2024.09.06"]
[EventType "k.o."]

1. d4 Nf6 2. Bf4 g6 3. Nf3 Bg7 4. e3 O-O 5. Be2 b6 6. O-O Bb7 7. a4 d6 8. a5
Nbd7 9. a6 Bc8 10. Nc3 Nh5 11. Bg5 h6 12. Bh4 g5 13. Nd2 gxh4 14. Bxh5 c6 15.
Bf3 d5 16. e4 e6 17. Ne2 Qg5 18. Re1 Kh8 19. Ra3 Nf6 20. g3 Bd7 21. e5 Ng8 22.
Bg2 hxg3 23. Rxg3 Qe7 24. Nf4 Qh4 25. Nh5 1-0

[Event "SpeedChess Final 2024"]
[Site "Paris FRA"]
[Date "2024.09.06"]
[Round "1.24"]
[White "Niemann, Hans Moke"]
[Black "Carlsen, Magnus"]
[Result "0-1"]
[WhiteTitle "GM"]
[BlackTitle "GM"]
[WhiteElo "2733"]
[BlackElo "2832"]
[WhiteFideId "2093596"]
[BlackFideId "1503014"]
[EventDate "2024.09.06"]
[EventType "k.o."]

1. e4 c5 2. Nc3 a6 3. d4 cxd4 4. Qxd4 Nc6 5. Qd2 e6 6. b3 d5 7. exd5 exd5 8. a3
d4 9. Nce2 Nf6 10. Bb2 Ne4 11. Qd3 Nc5 12. Qg3 Qf6 13. Nf3 Bd6 14. Qg5 Qxg5 15.
Nxg5 d3 16. O-O-O dxe2 0-1

[Event "SpeedChess Final 2024"]
[Site "Paris FRA"]
[Date "2024.09.06"]
[Round "1.25"]
[White "Carlsen, Magnus"]
[Black "Niemann, Hans Moke"]
[Result "1-0"]
[WhiteTitle "GM"]
[BlackTitle "GM"]
[WhiteElo "2832"]
[BlackElo "2733"]
[WhiteFideId "1503014"]
[BlackFideId "2093596"]
[EventDate "2024.09.06"]
[EventType "k.o."]

1. e4 c6 2. d4 d5 3. exd5 cxd5 4. Bd3 Nf6 5. h3 Nc6 6. Nf3 Nb4 7. O-O Nxd3 8.
cxd3 g6 9. Nc3 Bg7 10. Re1 O-O 11. Bf4 a6 12. Rc1 Bd7 13. Ne5 b5 14. Qd2 e6 15.
Bg5 Ra7 16. Ne2 Qb6 17. Rc5 Be8 18. Rec1 Nd7 19. Rc6 Qb7 20. Rc7 Qxc7 21. Rxc7
Rxc7 22. Nf3 f6 23. Bf4 e5 24. dxe5 fxe5 25. Bh6 Bf7 26. Bxg7 Kxg7 27. d4 e4 28.
Ne5 Nf6 29. Ng3 h6 30. Qf4 Be6 31. Nxg6 Rfc8 32. Nh4 1-0

[Event "SpeedChess Final 2024"]
[Site "Paris FRA"]
[Date "2024.09.06"]
[Round "1.26"]
[White "Niemann, Hans Moke"]
[Black "Carlsen, Magnus"]
[Result "1-0"]
[WhiteTitle "GM"]
[BlackTitle "GM"]
[WhiteElo "2733"]
[BlackElo "2832"]
[WhiteFideId "2093596"]
[BlackFideId "1503014"]
[EventDate "2024.09.06"]
[EventType "k.o."]

1. e4 c6 2. Nf3 d5 3. Nc3 dxe4 4. Nxe4 Nf6 5. Qe2 Nxe4 6. Qxe4 Qd5 7. Qe3 Qe6 8.
b3 Qxe3+ 9. fxe3 f6 10. Bb2 e5 11. d4 exd4 12. exd4 Bb4+ 13. Kf2 Be6 14. Bd3 Kf7
15. a3 Bd6 16. Rhf1 Nd7 17. Kg1 Bf4 18. Rae1 Rae8 19. g3 Bh6 20. Kg2 b5 21. h4
g6 22. Be4 Bd5 23. Bxd5+ cxd5 24. Ne5+ Nxe5 25. dxe5 Re6 26. Rxf6+ Rxf6 27. exf6
Re8 28. Rxe8 Kxe8 29. g4 Bf4 30. g5 h5 31. Bd4 a6 32. a4 bxa4 33. bxa4 Kf7 34.
Kf3 Bd6 35. Bf2 Ke6 36. Ke2 Bb4 37. Kd3 Bd6 38. c4 dxc4+ 39. Kxc4 Bb8 40. Kb4
Bc7 41. Kc5 Ba5 42. Kc6 Bd2 43. Kb6 a5 44. Kb5 Kf7 45. Bg3 Ke6 46. Bc7 Be1 47.
Bxa5 Bxh4 48. Bb6 Bg3 49. a5 h4 50. a6 Bb8 51. a7 1-0

[Event "SpeedChess Final 2024"]
[Site "Paris FRA"]
[Date "2024.09.06"]
[Round "1.27"]
[White "Carlsen, Magnus"]
[Black "Niemann, Hans Moke"]
[Result "0-1"]
[WhiteTitle "GM"]
[BlackTitle "GM"]
[WhiteElo "2832"]
[BlackElo "2733"]
[WhiteFideId "1503014"]
[BlackFideId "2093596"]
[EventDate "2024.09.06"]
[EventType "k.o."]

1. d4 g6 2. e4 Bg7 3. Nf3 d6 4. Bd3 Nf6 5. Rg1 O-O 6. c3 c5 7. dxc5 dxc5 8. Qe2
Nc6 9. h3 Nd7 10. Bc2 Nde5 11. Nxe5 Nxe5 12. f4 Nc6 13. Kf2 e5 14. Rf1 exf4 15.
Bxf4 Be6 16. Kg1 Qb6 17. Bb3 Rfe8 18. Na3 Bxb3 19. axb3 Qxb3 20. Nc4 Qb5 21. Rf2
Re6 22. e5 Rae8 23. Qf1 a6 24. Nd6 Qxf1+ 25. Raxf1 Rb8 26. Bg3 Bxe5 27. Bxe5
Nxe5 28. Nxf7 Nd3 29. Rf3 Nxb2 30. Ng5 Re7 31. h4 Nc4 32. Rf4 Nd2 33. R1f2 Rd8
34. h5 gxh5 35. Kh2 b5 36. Rf5 Nc4 37. Rxc5 Re5 38. Rxe5 Nxe5 39. Ra2 Rd3 40. g3
Ng4+ 41. Kg2 Rd6 42. Ne4 Rc6 43. Kf3 Kg7 44. Kf4 Kg6 45. Nd2 Nf6 46. Nf3 Rc4+
47. Ke5 Rxc3 48. Nh4+ Kg5 49. Rxa6 Re3+ 50. Kd4 Rxg3 0-1

[Event "SpeedChess Final 2024"]
[Site "Paris FRA"]
[Date "2024.09.06"]
[Round "1.28"]
[White "Niemann, Hans Moke"]
[Black "Carlsen, Magnus"]
[Result "1-0"]
[WhiteTitle "GM"]
[BlackTitle "GM"]
[WhiteElo "2733"]
[BlackElo "2832"]
[WhiteFideId "2093596"]
[BlackFideId "1503014"]
[EventDate "2024.09.06"]
[EventType "k.o."]

1. e4 c5 2. Nf3 Nc6 3. Bb5 g6 4. O-O Bg7 5. c3 Nf6 6. Re1 O-O 7. h3 e5 8. d4
cxd4 9. cxd4 d5 10. Bxc6 bxc6 11. Nxe5 Nxe4 12. Nc3 Nc5 13. dxc5 1-0

[Event "SpeedChess Final 2024"]
[Site "Paris FRA"]
[Date "2024.09.06"]
[Round "1.29"]
[White "Carlsen, Magnus"]
[Black "Niemann, Hans Moke"]
[Result "0-1"]
[WhiteTitle "GM"]
[BlackTitle "GM"]
[WhiteElo "2832"]
[BlackElo "2733"]
[WhiteFideId "1503014"]
[BlackFideId "2093596"]
[EventDate "2024.09.06"]
[EventType "k.o."]

1. a3 e5 2. Nc3 Nf6 3. f4 e4 4. d3 exd3 5. cxd3 d5 6. e4 dxe4 7. dxe4 Qxd1+ 8.
Kxd1 Nc6 9. Nf3 Bc5 10. h3 Be6 11. Kc2 O-O-O 12. f5 Nxe4 13. fxe6 Ng3 14. exf7
Nxh1 15. Bc4 Ng3 16. Bf4 Nh5 17. Bg5 Nf6 18. Re1 Rhf8 19. Ne4 Be7 20. Nxf6 Bxf6
21. Bxf6 gxf6 22. Re6 Na5 23. Ba2 Rxf7 24. b4 Rg7 25. g4 Nc6 26. Rxf6 Re7 27.
Be6+ Rxe6 28. Rxe6 Rf8 29. b5 Rxf3 30. bxc6 bxc6 31. Rh6 Rxa3 32. g5 Rg3 33. h4
a5 34. Rxh7 a4 35. Rh6 c5 36. g6 a3 37. h5 c4 38. Rh8+ Kb7 39. Rf8 Rg2+ 40. Kb1
c3 41. Rf1 c2+ 42. Ka1 Rd2 43. g7 Rd1+ 44. Ka2 c1=Q 45. Rxd1 Qb2# 0-1

[Event "SpeedChess Final 2024"]
[Site "Paris FRA"]
[Date "2024.09.06"]
[Round "1.30"]
[White "Niemann, Hans Moke"]
[Black "Carlsen, Magnus"]
[Result "1-0"]
[WhiteTitle "GM"]
[BlackTitle "GM"]
[WhiteElo "2733"]
[BlackElo "2832"]
[WhiteFideId "2093596"]
[BlackFideId "1503014"]
[EventDate "2024.09.06"]
[EventType "k.o."]

1. e4 e5 2. Nf3 Nc6 3. Bc4 Nf6 4. d3 Na5 5. Nxe5 Nxc4 6. Nxc4 d5 7. exd5 Qxd5 8.
O-O Be6 9. Nc3 Qc6 10. Ne5 Qd6 11. Bf4 Qd4 12. Qf3 O-O-O 13. Nb5 Qb6 14. a4 Nd5
15. Nc4 Qa6 16. Bg3 Kb8 17. Rfe1 Be7 18. c3 Bf6 19. d4 Rd7 20. b4 Nxb4 21. cxb4
Bxc4 22. Nxc7 Rxc7 23. Bxc7+ Kxc7 24. b5 Qa5 25. Rec1 Qb4 26. Qd5 Kb8 27. Qxc4
Qd6 28. Rd1 Rc8 29. Qd3 h5 30. g3 h4 31. Rac1 Rd8 32. d5 Be5 33. Qf3 Qg6 34. a5
Bd6 35. a6 b6 36. Rc6 h3 37. Qe3 Qf5 38. Rxb6+ 1-0

[Event "SpeedChess Final 2024"]
[Site "Paris FRA"]
[Date "2024.09.08"]
[Round "2.1"]
[White "Carlsen, Magnus"]
[Black "Firouzja, Alireza"]
[Result "1/2-1/2"]
[WhiteTitle "GM"]
[BlackTitle "GM"]
[WhiteElo "2832"]
[BlackElo "2767"]
[WhiteFideId "1503014"]
[BlackFideId "12573981"]
[EventDate "2024.09.06"]
[EventType "k.o."]

1. d4 Nf6 2. c4 g6 3. Nc3 Bg7 4. e4 d6 5. Nf3 O-O 6. Be2 e5 7. O-O h6 8. Re1
Nbd7 9. Bf1 Re8 10. Rb1 a5 11. dxe5 dxe5 12. a3 Nc5 13. Qc2 Bg4 14. Be3 b6 15.
Rbd1 Qc8 16. Be2 a4 17. Bxc5 bxc5 18. h3 Bd7 19. Nd5 Nh7 20. Nh2 h5 21. Qd2 Nf8
22. g4 h4 23. Qg5 Ne6 24. Qxh4 Qd8 25. Qxd8 Rexd8 26. h4 Rab8 27. Rd2 f6 28.
Red1 Nd4 29. g5 fxg5 30. hxg5 Be6 31. Kg2 c6 32. Nc3 Ra8 33. Ng4 Kf7 34. Ne3 Bf8
35. Ng4 Bd6 36. Rh1 Kg7 37. Nf6 Rh8 38. Rxh8 Kxh8 39. Bg4 Bxc4 40. Rd1 Kg7 41.
Rh1 Bg8 42. Nxa4 Be7 43. Nb6 Rb8 44. Nfd7 Rb7 45. a4 Bxg5 46. a5 Ra7 47. Ra1 Nb3
48. Ra3 Rxa5 49. Rxa5 Nxa5 50. Nxc5 Nc4 51. Nxc4 Bxc4 52. Be6 Be7 53. Bxc4 Bxc5
54. f3 Bd4 55. b3 c5 56. Kg3 Kf6 57. Kg4 Bc3 58. Bd5 Bd4 59. Bc4 Bc3 60. Bd5 Bd4
61. Bc4 1/2-1/2

[Event "SpeedChess Final 2024"]
[Site "Paris FRA"]
[Date "2024.09.08"]
[Round "2.2"]
[White "Firouzja, Alireza"]
[Black "Carlsen, Magnus"]
[Result "0-1"]
[WhiteTitle "GM"]
[BlackTitle "GM"]
[WhiteElo "2767"]
[BlackElo "2832"]
[WhiteFideId "12573981"]
[BlackFideId "1503014"]
[EventDate "2024.09.06"]
[EventType "k.o."]

1. e4 e5 2. Nf3 Nc6 3. Bb5 a6 4. Ba4 Nf6 5. O-O Be7 6. d3 b5 7. Bb3 O-O 8. h3 d6
9. c3 Nb8 10. Nbd2 Nbd7 11. Re1 Bb7 12. Nf1 Nc5 13. Bc2 Re8 14. Ng3 Bf8 15. b4
Ncd7 16. Bb3 a5 17. a3 d5 18. Bd2 c5 19. exd5 axb4 20. axb4 Rxa1 21. Qxa1 cxb4
22. cxb4 Bxd5 23. Bxd5 Nxd5 24. Qb2 Qb8 25. Qb3 N7b6 26. Ne4 h6 27. Nc5 Nf6 28.
Bc3 Nbd7 29. Nxd7 Nxd7 30. Qd5 Nf6 31. Qb3 Bd6 32. Nd2 Qc7 33. Ne4 Nxe4 34. Rxe4
Rc8 35. Bb2 Qc6 36. g3 Re8 37. Re1 Kf8 38. Bc1 Rd8 39. Be3 Be7 40. Rc1 Qd7 41.
Ra1 Qxh3 42. Ra7 Qe6 43. Qxe6 fxe6 44. Rb7 Rd5 45. Kg2 Bxb4 46. Kf3 Bc3 47. Ke4
b4 48. g4 Kg8 49. f3 Ra5 50. g5 hxg5 51. Bxg5 Ra1 52. f4 Re1+ 53. Kf3 exf4 54.
Bxf4 Rb1 55. Ke4 b3 56. d4 b2 57. Kd3 Rd1+ 58. Kc2 b1=Q+ 59. Rxb1 Rxb1 60. Kxb1
Bxd4 61. Kc2 Kf7 0-1

[Event "SpeedChess Final 2024"]
[Site "Paris FRA"]
[Date "2024.09.08"]
[Round "2.3"]
[White "Carlsen, Magnus"]
[Black "Firouzja, Alireza"]
[Result "0-1"]
[WhiteTitle "GM"]
[BlackTitle "GM"]
[WhiteElo "2832"]
[BlackElo "2767"]
[WhiteFideId "1503014"]
[BlackFideId "12573981"]
[EventDate "2024.09.06"]
[EventType "k.o."]

1. d4 Nf6 2. c4 g6 3. Nc3 Bg7 4. e4 d6 5. Nf3 O-O 6. Be2 e5 7. O-O h6 8. Qc2 Nc6
9. d5 Nd4 10. Qd1 Re8 11. Be3 Nxe2+ 12. Qxe2 Nh5 13. Ne1 Nf4 14. Qd2 f5 15. f3
g5 16. c5 b6 17. cxd6 cxd6 18. Rc1 fxe4 19. fxe4 Ba6 20. Rf2 Rc8 21. b4 Qd7 22.
a4 Bc4 23. b5 Rc7 24. Nd1 Rec8 25. Nb2 Qg4 26. Kh1 Nh5 27. a5 Bxb5 28. Rxc7 Rxc7
29. axb6 axb6 30. Qb4 Qd7 31. Bxb6 Rc1 32. Be3 Rb1 33. Rc2 Nf6 34. Rc1 Rxc1 35.
Bxc1 Be2 36. Be3 Qg4 37. Qxd6 Qxe4 38. Bg1 Nxd5 39. Qc6 Kh7 40. Qc2 Qxc2 41.
Nxc2 Kg6 42. Ne3 Nf4 43. Na4 e4 44. Nc5 Bd3 45. g3 Ne2 46. Nxd3 exd3 47. Nd1 Nc3
48. Nb2 d2 49. g4 d1=Q 50. Nxd1 Nxd1 51. Kg2 Nc3 52. Kf3 Nd5 53. Bf2 Bf6 54. Bg3
Ne7 55. Bf2 h5 56. gxh5+ Kxh5 57. h3 Ng6 58. Be3 Kh4 59. Ke4 Ne7 0-1

[Event "SpeedChess Final 2024"]
[Site "Paris FRA"]
[Date "2024.09.08"]
[Round "2.4"]
[White "Firouzja, Alireza"]
[Black "Carlsen, Magnus"]
[Result "1-0"]
[WhiteTitle "GM"]
[BlackTitle "GM"]
[WhiteElo "2767"]
[BlackElo "2832"]
[WhiteFideId "12573981"]
[BlackFideId "1503014"]
[EventDate "2024.09.06"]
[EventType "k.o."]

1. e4 e5 2. Nf3 Nc6 3. Bc4 Nf6 4. d3 h6 5. c3 Be7 6. O-O O-O 7. a4 a5 8. Re1 d6
9. Qb3 Nh7 10. Be3 Ng5 11. Nbd2 Bf6 12. h3 Ne7 13. d4 Ng6 14. Rad1 Qe7 15. Bf1
b6 16. Bc4 Rb8 17. dxe5 dxe5 18. Bxg5 Bxg5 19. Nf1 Nh4 20. Nxh4 Bxh4 21. Ne3 c6
22. g3 Bf6 23. Kg2 g6 24. Rd2 Kg7 25. h4 h5 26. Red1 g5 27. Rd6 gxh4 28. Rxc6
Bg5 29. Rxc8 Bxe3 30. Rxb8 Rxb8 31. fxe3 Qg5 32. Qc2 Qxg3+ 33. Kh1 Kh6 34. Qg2
Rg8 35. Qxg3 Rxg3 36. Re1 h3 37. Kh2 Rg2+ 38. Kxh3 Rxb2 39. Bxf7 Rc2 40. c4 Rc3
41. Kh4 Ra3 42. Rb1 1-0

[Event "SpeedChess Final 2024"]
[Site "Paris FRA"]
[Date "2024.09.08"]
[Round "2.5"]
[White "Carlsen, Magnus"]
[Black "Firouzja, Alireza"]
[Result "1-0"]
[WhiteTitle "GM"]
[BlackTitle "GM"]
[WhiteElo "2832"]
[BlackElo "2767"]
[WhiteFideId "1503014"]
[BlackFideId "12573981"]
[EventDate "2024.09.06"]
[EventType "k.o."]

1. d4 Nf6 2. c4 g6 3. Nc3 Bg7 4. e4 d6 5. Nf3 O-O 6. Be2 e5 7. O-O h6 8. Re1
Nbd7 9. Bf1 Re8 10. Rb1 a5 11. dxe5 dxe5 12. Qc2 c6 13. Na4 Nh5 14. Be3 Nf4 15.
Rbd1 Qe7 16. c5 Nf8 17. Nb6 Rb8 18. Nxc8 Rbxc8 19. Rd6 b6 20. Bxf4 exf4 21. e5
bxc5 22. Bc4 Red8 23. Qd2 g5 24. h3 Ng6 25. Rd1 Rxd6 26. exd6 Qa7 27. Qd3 Nf8
28. Re1 Rd8 29. Re7 Rd7 30. Bxf7+ Kh8 31. Rxd7 Qxd7 32. Bb3 Nh7 33. Qc4 Qd8 34.
Qe6 Bxb2 35. d7 Nf6 36. Ne5 Bxe5 37. Qxe5 Kg7 38. Be6 c4 39. Qd4 Kf8 40. Qc5+
Kg7 41. Qxc6 g4 42. hxg4 Kf8 43. Qc5+ Kg7 44. Qc8 1-0

[Event "SpeedChess Final 2024"]
[Site "Paris FRA"]
[Date "2024.09.08"]
[Round "2.6"]
[White "Firouzja, Alireza"]
[Black "Carlsen, Magnus"]
[Result "0-1"]
[WhiteTitle "GM"]
[BlackTitle "GM"]
[WhiteElo "2767"]
[BlackElo "2832"]
[WhiteFideId "12573981"]
[BlackFideId "1503014"]
[EventDate "2024.09.06"]
[EventType "k.o."]

1. e4 e5 2. Nf3 Nc6 3. Bc4 Bc5 4. d3 Nf6 5. Bg5 h6 6. Bh4 d6 7. c3 a6 8. Nbd2
Ba7 9. a4 Qe7 10. b4 Be6 11. O-O Bxc4 12. Nxc4 Qe6 13. b5 Ne7 14. Bxf6 Qxf6 15.
Rb1 axb5 16. Rxb5 Rb8 17. Qb3 O-O 18. Rxb7 Ng6 19. Rxb8 Rxb8 20. Qd1 c6 21. Re1
Nf4 22. d4 exd4 23. cxd4 Rb4 24. Ne3 Rb2 25. Nc4 Qg6 26. g3 Nh3+ 27. Kg2 Rxf2+
28. Kxh3 Qe6+ 29. g4 Qxc4 30. Kg3 Ra2 31. Qb1 Ra3 32. Qb7 Bxd4 33. Qc8+ Kh7 34.
g5 Be5+ 35. Kg4 h5+ 0-1

[Event "SpeedChess Final 2024"]
[Site "Paris FRA"]
[Date "2024.09.08"]
[Round "2.7"]
[White "Carlsen, Magnus"]
[Black "Firouzja, Alireza"]
[Result "1-0"]
[WhiteTitle "GM"]
[BlackTitle "GM"]
[WhiteElo "2832"]
[BlackElo "2767"]
[WhiteFideId "1503014"]
[BlackFideId "12573981"]
[EventDate "2024.09.06"]
[EventType "k.o."]

1. d4 Nf6 2. c4 g6 3. Nc3 Bg7 4. e4 d6 5. Nf3 O-O 6. Be2 e5 7. O-O h6 8. Re1
Nbd7 9. Bf1 Re8 10. Rb1 c6 11. d5 cxd5 12. cxd5 a6 13. a4 Nh5 14. b4 Ndf6 15. a5
Bd7 16. Na4 Bxa4 17. Qxa4 Qc8 18. b5 axb5 19. Qxb5 Nf4 20. Bxf4 exf4 21. e5 dxe5
22. Nxe5 Qc3 23. Qxb7 Kh7 24. a6 Rab8 25. Qc6 Qd4 26. Rxb8 Rxb8 27. Qc4 Qd2 28.
Nf3 Qa5 29. d6 g5 30. h3 Rd8 1-0

[Event "SpeedChess Final 2024"]
[Site "Paris FRA"]
[Date "2024.09.08"]
[Round "2.8"]
[White "Firouzja, Alireza"]
[Black "Carlsen, Magnus"]
[Result "0-1"]
[WhiteTitle "GM"]
[BlackTitle "GM"]
[WhiteElo "2767"]
[BlackElo "2832"]
[WhiteFideId "12573981"]
[BlackFideId "1503014"]
[EventDate "2024.09.06"]
[EventType "k.o."]

1. d4 Nf6 2. c4 e6 3. Nc3 Bb4 4. a3 Bxc3+ 5. bxc3 Nc6 6. f3 b6 7. e4 Ba6 8. Bg5
h6 9. Bh4 g5 10. Bf2 Nh5 11. h4 Qf6 12. e5 Qg7 13. g3 O-O-O 14. Bd3 f6 15. f4
Qf7 16. hxg5 hxg5 17. fxg5 fxg5 18. Qf3 Qxf3 19. Nxf3 Nf4 20. Rxh8 Nxd3+ 21. Ke2
Rxh8 22. Kxd3 Rf8 23. Ke3 Na5 24. Nd2 g4 0-1

[Event "SpeedChess Final 2024"]
[Site "Paris FRA"]
[Date "2024.09.08"]
[Round "2.9"]
[White "Carlsen, Magnus"]
[Black "Firouzja, Alireza"]
[Result "1/2-1/2"]
[WhiteTitle "GM"]
[BlackTitle "GM"]
[WhiteElo "2832"]
[BlackElo "2767"]
[WhiteFideId "1503014"]
[BlackFideId "12573981"]
[EventDate "2024.09.06"]
[EventType "k.o."]

1. e4 c5 2. Nf3 e6 3. c3 Nf6 4. e5 Nd5 5. d4 cxd4 6. cxd4 b6 7. Bc4 Bb7 8. O-O
Be7 9. Re1 O-O 10. Nc3 Nxc3 11. bxc3 Qc7 12. Bd3 Qxc3 13. Rb1 Bxf3 14. gxf3 Nc6
15. Be3 f5 16. f4 Nxd4 17. Kg2 Rac8 18. Rc1 Qa5 19. Rxc8 Rxc8 20. Bxd4 Qd5+ 21.
Kg1 Qxd4 22. Bb5 Qxf4 23. Qxd7 Rc2 24. Qe8+ Bf8 25. Qxe6+ Kh8 26. Be2 Qg5+ 27.
Kf1 Qe7 28. Qxf5 Rc5 29. Bf3 g6 30. Qe4 Rc8 31. e6 Rd8 32. Rd1 Rxd1+ 33. Bxd1
Qf6 34. Kg2 Bc5 35. Bf3 Qg5+ 36. Kf1 Qf6 37. Kg2 Qg5+ 38. Kf1 Qc1+ 39. Kg2 Qg5+ 1/2-1/2

[Event "SpeedChess Final 2024"]
[Site "Paris FRA"]
[Date "2024.09.08"]
[Round "2.10"]
[White "Firouzja, Alireza"]
[Black "Carlsen, Magnus"]
[Result "1/2-1/2"]
[WhiteTitle "GM"]
[BlackTitle "GM"]
[WhiteElo "2767"]
[BlackElo "2832"]
[WhiteFideId "12573981"]
[BlackFideId "1503014"]
[EventDate "2024.09.06"]
[EventType "k.o."]

1. e4 e5 2. Nf3 Nc6 3. Bc4 Nf6 4. d3 Be7 5. Nc3 O-O 6. a3 d6 7. Be3 Be6 8. Nd5
Bxd5 9. exd5 Nb8 10. a4 c6 11. dxc6 bxc6 12. Ba2 Nbd7 13. O-O d5 14. c3 a5 15.
Qc2 Re8 16. b4 axb4 17. cxb4 Bxb4 18. Qxc6 Qa5 19. Bb3 Rac8 20. Qb5 Qxb5 21.
axb5 Rb8 22. Rfc1 Rxb5 23. Ba4 Ra5 24. Bc6 Rc8 25. Rab1 Bf8 26. g4 d4 27. Bd2
Rc5 28. Bb5 Rxc1+ 29. Bxc1 Rb8 30. Nd2 Nc5 31. g5 Nd5 32. Bc4 Rxb1 33. Nxb1 Nb4
34. Nd2 Nbxd3 35. Ba3 Nf4 36. Nf3 Nd7 37. Bc1 Ne6 38. Bb5 Nec5 39. Kg2 Bd6 40.
Bc4 Kf8 41. h4 Ke7 42. h5 f6 43. Nh4 Kd8 44. Nf5 Bf8 45. g6 hxg6 46. hxg6 e4 47.
Nxd4 Ne5 48. Bd5 Nxg6 49. Kf1 Ne5 50. Ba3 Kd7 51. Bxe4 Nxe4 52. Bxf8 g6 53. Ke2
Nd6 54. Ke3 Nc6 55. Ne2 Nf5+ 56. Kd3 Ke6 57. Nf4+ Kf7 58. Ba3 Ne5+ 59. Ke2 g5
60. Nd5 Ke6 61. Nc3 Nd4+ 62. Kf1 f5 63. Bc5 Ndf3 64. Ne2 f4 65. Ba3 Kf5 66. Be7
Nd2+ 67. Ke1 Nef3+ 68. Kd1 Ne4 69. Kc2 Ne5 70. Bxg5 Nxg5 71. Nxf4 Kxf4 72. f3
Ne6 73. Kc3 Ng7 74. Kd4 Nf5+ 75. Kd5 Nd3 76. Kc4 Ke3 77. Kd5 Nf4+ 78. Ke5 Nd4
79. Kd6 Nde2 80. Ke5 Kd3 81. Kd6 Kd4 82. Kc6 Ke5 83. Kc5 Nd4 84. Kc4 Nde6 85.
Kc3 Kd5 86. Kc2 Kc4 87. Kd2 Kd4 88. Kc2 Nc5 89. Kd2 Nb3+ 90. Kc2 Kc4 91. Kd1 Kd3
92. Ke1 Nd4 93. Kf2 Nf5 94. Ke1 Kc2 95. Kf1 Kd2 96. Kf2 Kd1 97. Kf1 Kc2 98. Ke1
Kd3 99. Kd1 Ne3+ 100. Ke1 Nc2+ 101. Kf2 Kd2 102. Kg3 Ke3 103. Kg4 Nd4 104. Kg5
Nde6+ 105. Kf5 Kd4 106. Kf6 Kd5 107. Kf5 Kd6 108. Ke4 Ke7 109. Kf5 Kd6 110. Ke4
Kc6 111. Ke5 Kc5 112. Ke4 Kd6 113. Kf5 Kd5 114. Kf6 Nd4 115. Kg5 Ke5 116. Kg4
Nde6 117. Kg3 Kd4 118. Kg4 Ke5 119. Kg3 Kf5 120. Kf2 Nc7 121. Ke3 Ke5 122. Kf2 1/2-1/2

[Event "SpeedChess Final 2024"]
[Site "Paris FRA"]
[Date "2024.09.08"]
[Round "2.11"]
[White "Carlsen, Magnus"]
[Black "Firouzja, Alireza"]
[Result "1-0"]
[WhiteTitle "GM"]
[BlackTitle "GM"]
[WhiteElo "2832"]
[BlackElo "2767"]
[WhiteFideId "1503014"]
[BlackFideId "12573981"]
[EventDate "2024.09.06"]
[EventType "k.o."]

1. d4 Nf6 2. c4 g6 3. Nc3 Bg7 4. e4 d6 5. Nf3 O-O 6. Be2 e5 7. O-O h6 8. Re1
Nbd7 9. Bf1 Re8 10. Rb1 b6 11. d5 a5 12. a3 Rf8 13. b4 Nh7 14. g3 Ba6 15. Qc2 f5
16. Nh4 Qf6 17. exf5 gxf5 18. Bh3 e4 19. Nxe4 fxe4 20. Bxd7 Bc8 21. Bxc8 Raxc8
22. Rxe4 Ng5 23. Bxg5 hxg5 24. Re6 1-0

[Event "SpeedChess Final 2024"]
[Site "Paris FRA"]
[Date "2024.09.08"]
[Round "2.12"]
[White "Firouzja, Alireza"]
[Black "Carlsen, Magnus"]
[Result "0-1"]
[WhiteTitle "GM"]
[BlackTitle "GM"]
[WhiteElo "2767"]
[BlackElo "2832"]
[WhiteFideId "12573981"]
[BlackFideId "1503014"]
[EventDate "2024.09.06"]
[EventType "k.o."]

1. e4 e5 2. Nf3 Nc6 3. Bc4 Nf6 4. d3 Be7 5. Nc3 d6 6. a3 O-O 7. Be3 Be6 8. Nd5
Bxd5 9. exd5 Nb8 10. Ba2 Nbd7 11. d4 e4 12. Nd2 b5 13. Qe2 a6 14. Bg5 Nb6 15.
Bxf6 Bxf6 16. c3 Re8 17. Nxe4 Bxd4 18. cxd4 f5 19. O-O Rxe4 20. Qc2 Qd7 21. Rac1
Re7 22. Rfe1 Rxe1+ 23. Rxe1 Re8 24. Re6 g6 25. h4 Kg7 26. h5 Rxe6 27. dxe6 Qe7
28. Qc1 d5 29. Qf4 Qd6 30. Qe3 Kf6 31. Qh6 Qxe6 32. Qxh7 gxh5 33. Kf1 Qe4 34.
Qxh5 Nc4 35. Qh8+ Ke7 36. Qg7+ Kd6 37. Qf6+ Kd7 38. Bxc4 dxc4 39. Kg1 a5 40. f3
Qe1+ 41. Kh2 Qe6 42. Qg7+ Kc6 43. g4 fxg4 44. fxg4 b4 45. axb4 axb4 46. g5 Qd6+
47. Kh3 Qe6+ 48. Kg3 Qe3+ 49. Kg4 c3 50. bxc3 bxc3 51. Qf6+ Kd5 52. Qf5+ Kxd4
53. Qd7+ Kc4 54. Qxc7+ Kd3 55. g6 c2 56. g7 c1=Q 57. Qd8+ Ke2 58. g8=Q Qcg1+ 59.
Kf5 Qgf2+ 60. Kg6 Qeg3+ 0-1